• 首页
  • 本馆介绍
  • 公告通知
  • 最新文献
  • 馆藏检索
  • 电子资源
  • 读者导购
  • 参考咨询
  • 我的图书馆
  • 登录
  • 详细信息显示
  • 放入我的书架
  • 预约/预借图书
  • 作者相关作品
  • 分类相关作品
  • 丛书相关作品
  • 出版社相关作品

书目信息

  • 表格格式
  • 工作单格式
  • 卡片格式
题名:
汽车底盘构造、原理与检修
    
 
作者: 赵振宁 主编
分册: 上   汽车传动系统
出版信息: 北京   北京理工大学出版社  2015.03
页数: 247页
开本: 26cm
丛书名:
单 册:
中图分类: U463.103
科图分类:
主题词: 汽车--底盘--构造 , 汽车--底盘--维修
电子资源:
ISBN: 978-7-5682-0194-0
000 00930nam0 2200241 450
001 0400006925
005 20171113091713.39
010    @a978-7-5682-0194-0@dCNY49.00
100    @a20150814d2015 em y0chiy50 ea
101 0  @achi
102    @aCN@b110000
105    @aa z 000yy
106    @ar
200 1  @a汽车底盘构造、原理与检修@Aqi che di pan gou zao 、 yuan li yu jian xiu@h上@i汽车传动系统@f赵振宁主编
210    @a北京@c北京理工大学出版社@d2015.03
215    @a247页@c图@d26cm
330    @a本书分手动变速器传动系统、自动变速器原理与检修二部分,包括汽车传动系统概述、手动离合器结构原理与检修、手动变速器原理与检修、四轮驱动技术、驱动桥和万向传动原理与检修、机械式自动变速器、无级变速器技术8章内容。
606 0  @a汽车@x底盘@x构造
606 0  @a汽车@x底盘@x维修
690    @aU463.103@v5
701  0 @a赵振宁@Azhao zhen ning@c(汽车工业)@4主编
801  0 @aCN@b上海新华@c20171107
905    @b1027401-5@dU463.103@e676:1@f5
    
    汽车底盘构造、原理与检修.上.汽车传动系统/赵振宁主编.-北京:北京理工大学出版社,2015.03
    247页:图;26cm
    
    
    ISBN 978-7-5682-0194-0:CNY49.00
    本书分手动变速器传动系统、自动变速器原理与检修二部分,包括汽车传动系统概述、手动离合器结构原理与检修、手动变速器原理与检修、四轮驱动技术、驱动桥和万向传动原理与检修、机械式自动变速器、无级变速器技术8章内容。
●
相关链接 在E读中查询图书 在五车中查询图书 在当当中查询图书 在豆瓣中查询图书


正题名:汽车底盘构造、原理与检修     索取号:U463.103/676:1         预约/预借

序号 登录号 条形码 馆藏地/架位号 状态 备注
1 1027401   210274013   第二样本阅览室/ [索取号:U463.103/676:1] 在馆    
2 1027402   210274022   第三借阅区/ [索取号:U463.103/676:1] 在馆    
3 1027403   210274031   密集书库-物理学院/ [索取号:U463.103/676:1] 在馆    
4 1027404   210274040   第三借阅区/ [索取号:U463.103/676:1] 在馆    
5 1027405   210274059   第三借阅区/ [索取号:U463.103/676:1] 在馆    
唐山师范学院图书馆 欢迎您!
大连网信软件有限公司© 版权所有